[Event "Julius Baer Rapid Div 2 L"]
[Site "chess.com INT"]
[Date "2023.09.01"]
[Round "2.3"]
[White "Yakubboev, Nodirbek"]
[Black "Fressinet, Laurent"]
[Result "1-0"]
[WhiteTitle "GM"]
[BlackTitle "GM"]
[WhiteElo "2617"]
[BlackElo "2643"]
[WhiteFideId "14203987"]
[BlackFideId "608742"]
[EventDate "2023.08.31"]
[EventType "k.o."]

1. c4 e6 2. Nf3 d5 3. d4 Nf6 4. Nc3 Be7 5. Bf4 O-O 6. e3 c5 7. dxc5 Bxc5 8. a3
Nc6 9. Qc2 Qa5 10. Rd1 Be7 11. Nd2 e5 12. Bg5 d4 13. Nb3 Qb6 14. Bxf6 Bxf6 15.
Nd5 Qd8 16. Bd3 g6 17. exd4 exd4 18. O-O Bg7 19. Be4 Bg4 20. Rd2 Qd6 21. c5 Qd7
22. Nb4 Nxb4 23. axb4 Rad8 24. Na5 b6 25. Nb7 Rb8 26. c6 Qc7 27. h3 Be6 28. b5
Ra8 29. Qd3 Rfe8 30. Re2 Re7 31. Rfe1 Rae8 32. Qa3 Be5 33. Bd3 Bc8 34. f4 Bf6
35. Qd6 Qxd6 36. Nxd6 Rxe2 37. Rxe2 Rd8 38. c7 Rf8 39. g4 Bd7 40. g5 Bg7 41. Re7
Bxh3 42. f5 1-0

[Event "Julius Baer Rapid Div 2 L"]
[Site "chess.com INT"]
[Date "2023.09.01"]
[Round "3.1"]
[White "Esipenko, Andrey"]
[Black "Yakubboev, Nodirbek"]
[Result "1-0"]
[WhiteTitle "GM"]
[BlackTitle "GM"]
[WhiteElo "2683"]
[BlackElo "2617"]
[WhiteFideId "24175439"]
[BlackFideId "14203987"]
[EventDate "2023.08.31"]
[EventType "k.o."]

1. e4 c5 2. Nf3 Nc6 3. Bb5 g6 4. O-O Bg7 5. c3 e5 6. d4 exd4 7. cxd4 cxd4 8. e5
a6 9. Ba4 Nge7 10. Bf4 O-O 11. Nbd2 b5 12. Bb3 Bb7 13. Re1 d6 14. exd6 Nf5 15.
Ne4 Na5 16. Bg5 Qd7 17. Bc2 Rae8 18. Nc5 Qxd6 19. Nxb7 Nxb7 20. Bxf5 gxf5 21.
Qd3 h6 22. Bd2 Qd5 23. Bb4 Rxe1+ 24. Rxe1 Rc8 25. Nh4 Qc4 26. Qxf5 Rd8 27. Bd2
d3 28. Qh5 Qc2 29. Nf3 Qxb2 30. Bxh6 Bxh6 31. Qxh6 Qg7 32. Qxa6 Nd6 33. Qb6 Qf6
34. Rd1 Ne4 35. Qe3 Nc3 36. Rxd3 Rxd3 37. Qxd3 b4 38. Qc4 Qd6 39. g3 Qd1+ 40.
Kg2 Qb1 41. Ng5 Qxa2 42. Qxb4 Qd5+ 43. Nf3 Ne4 44. Qb8+ Kh7 45. Qe5 Qc6 46. h4
f6 47. Qd4 Qe6 48. Kg1 Kg7 49. Qe3 Qd5 50. Nd4 Kg6 51. Kh2 Nc5 52. f3 Kf7 53. g4
Nd7 54. Qb3 Qxb3 55. Nxb3 f5 56. Kg3 fxg4 57. fxg4 Kf6 58. Nd4 Ne5 59. h5 Nf7
60. Nf3 Nd8 61. Kf4 Ne6+ 62. Ke3 Nc5 63. Kd4 Ne6+ 64. Kd5 Nf4+ 65. Ke4 Ne6 66.
Nd4 Ng5+ 67. Kf4 Nh3+ 68. Kg3 Ng5 69. Kh4 Nf7 70. Nf3 Nd6 71. g5+ Kf5 72. Nd4+
Ke5 73. h6 Nf7 74. Kh5 1-0

[Event "Julius Baer Rapid Div 2 L"]
[Site "chess.com INT"]
[Date "2023.09.01"]
[Round "3.1"]
[White "Alekseev, Evgeny"]
[Black "Fedoseev, Vladimir3"]
[Result "1/2-1/2"]
[WhiteTitle "GM"]
[BlackTitle "GM"]
[WhiteElo "2573"]
[BlackElo "2683"]
[WhiteFideId "4138147"]
[BlackFideId "24130737"]
[EventDate "2023.08.31"]
[EventType "k.o."]

1. e4 d6 2. d4 Nf6 3. Bd3 e5 4. c3 Be7 5. Nd2 O-O 6. Ngf3 Nc6 7. O-O g6 8. dxe5
Nxe5 9. Nxe5 dxe5 10. Nc4 Nd7 11. Bh6 Re8 12. Qd2 Nc5 13. Bc2 Qxd2 14. Bxd2 Bf6
15. Be3 Ne6 16. Rfd1 b6 17. Ba4 Rd8 18. Rxd8+ Nxd8 19. Rd1 Be6 20. Bb3 a5 21.
Na3 Bxb3 22. axb3 Ne6 23. Kf1 Kf8 24. Ke2 Ke8 25. Nc2 Be7 26. g3 Rd8 27. Rxd8+
Kxd8 28. Kd3 Kd7 29. b4 axb4 30. Nxb4 Bxb4 31. cxb4 Kc6 32. Kc4 b5+ 33. Kd3 Kd6
34. f3 h5 35. h4 f6 36. Bf2 g5 37. Be3 Ke7 38. Ke2 Kf7 39. Kf2 Kg6 40. Kg2 g4
41. fxg4 hxg4 42. Kf2 Ng7 43. Ke2 Nh5 44. Bf2 c6 45. Kd3 Kf7 46. Ke3 Ke6 47. Kd3
f5 48. exf5+ Kxf5 49. Be1 Nf6 50. Bd2 Ne4 51. Be1 Nf6 52. Bd2 Ke6 53. Be1 Kd5
54. Bd2 Nh5 55. Be1 Ng7 56. b3 Nf5 57. Bf2 e4+ 58. Ke2 Ke5 59. Kd2 e3+ 60. Bxe3
Nxg3 61. Kd3 Nh5 62. Bg5 Kf5 63. Ke3 Ng7 64. Bf4 Ne8 65. Bh2 Nf6 66. Kd4 Ne4 67.
h5 g3 68. Bxg3 Nxg3 69. Kc5 Ne4+ 70. Kxc6 Nc3 71. Kc5 Kg5 72. Kd4 Na2 73. Kc5
Nc3 74. Kd4 Na2 75. Kc5 Nc3 1/2-1/2

[Event "Julius Baer Rapid Div 2 L"]
[Site "chess.com INT"]
[Date "2023.09.01"]
[Round "3.2"]
[White "Yakubboev, Nodirbek"]
[Black "Esipenko, Andrey"]
[Result "1-0"]
[WhiteTitle "GM"]
[BlackTitle "GM"]
[WhiteElo "2617"]
[BlackElo "2683"]
[WhiteFideId "14203987"]
[BlackFideId "24175439"]
[EventDate "2023.08.31"]
[EventType "k.o."]

1. e4 e5 2. Nf3 Nc6 3. Bb5 a6 4. Ba4 Nf6 5. O-O Be7 6. Re1 b5 7. Bb3 O-O 8. a4
Rb8 9. axb5 axb5 10. h3 d6 11. c3 b4 12. d3 bxc3 13. bxc3 Re8 14. Be3 h6 15.
Nbd2 Bf8 16. g4 Nh7 17. d4 h5 18. Ba4 Bd7 19. gxh5 exd4 20. cxd4 Nb4 21. Bxd7
Qxd7 22. Kh2 d5 23. e5 c5 24. dxc5 Nd3 25. Rg1 Nxc5 26. Rg4 Qf5 27. h6 g6 28.
Ra7 Nd3 29. Kg2 Rb4 30. Nd4 Rxd4 31. Bxd4 Bxh6 32. Nf3 Nf4+ 33. Kh2 Ne6 34. Nh4
Qh5 35. Qf3 Nhg5 36. Qxd5 Bf8 37. Be3 Be7 38. f4 Nh7 39. Nxg6 Bg5 40. Ne7+ Kf8
41. fxg5 Nhxg5 42. Bxg5 Nxg5 43. Ng6+ Qxg6 44. Rxg5 1-0

[Event "Julius Baer Rapid Div 2 L"]
[Site "chess.com INT"]
[Date "2023.09.01"]
[Round "3.2"]
[White "Fedoseev, Vladimir3"]
[Black "Alekseev, Evgeny"]
[Result "0-1"]
[WhiteTitle "GM"]
[BlackTitle "GM"]
[WhiteElo "2683"]
[BlackElo "2573"]
[WhiteFideId "24130737"]
[BlackFideId "4138147"]
[EventDate "2023.08.31"]
[EventType "k.o."]

1. c4 e6 2. Nc3 d5 3. d4 Nf6 4. Bg5 Be7 5. e3 Nbd7 6. Rc1 O-O 7. cxd5 exd5 8.
Bd3 c6 9. Nf3 Re8 10. O-O Nh5 11. Bxe7 Qxe7 12. Re1 Nhf6 13. a4 a5 14. Qb3 Qb4
15. Qa2 Nf8 16. Ne5 Ng4 17. Nf3 Nf6 18. Qb1 Ng6 19. Ng5 Bd7 20. b3 Re7 21. Ne2
Rae8 22. Ng3 Bc8 23. Qc2 Bd7 24. Rf1 Rc8 25. Qc5 Qxc5 26. Rxc5 Ra8 27. Rb1 Ne8
28. h3 Nd6 29. Nf3 Nf8 30. Rc2 Be6 31. Kh2 Nd7 32. Ng5 g6 33. Nxe6 Rxe6 34. Ne2
Re7 35. g4 Kg7 36. Kg2 Nf6 37. Ng3 Nd7 38. Re1 Rae8 39. Rd1 Ra8 40. Rb1 Nf6 41.
Ra2 Nd7 42. Rc2 Nf6 43. Kf1 Nd7 44. Ke2 Rae8 45. Kd2 Ra8 46. Rcc1 Rae8 47. Rc3
Ra8 48. Kc2 Rf8 49. Kb2 Ra8 50. Rc2 Rae8 51. Ka3 Ra8 52. Rg1 Ree8 53. Ne2 Re7
54. h4 Ree8 55. Kb2 Nf6 56. Nf4 Nd7 57. Kc1 Nf6 58. Kd1 Nd7 59. Kd2 Nf6 60. f3
Re7 61. Rc3 Nd7 62. Bc2 Rae8 63. Ke2 Nf8 64. Kf2 Nd7 65. Re1 Kg8 66. Re2 Kg7 67.
Rd3 Kg8 68. Rd1 Kg7 69. Rg1 Kg8 70. Bd3 Kg7 71. Rc1 Kg8 72. Rce1 Kg7 73. Kg3 f6
74. Kf2 Nf8 75. Rb1 Ne6 76. Nxe6+ Rxe6 77. Rg1 R6e7 78. h5 Rf8 79. hxg6 hxg6 80.
Ree1 Ree8 81. Rh1 f5 82. gxf5 Nxf5 83. Reg1 Re7 84. Rg5 Re6 85. Rhg1 Ne7 86. f4
Kf7 87. Rh1 Kg7 88. Rhg1 Kf7 89. Rh1 Kg7 90. Rh3 Nf5 91. Rg1 Ne7 92. Rgh1 Rf7
93. Rh8 Kf6 94. Rg1 Nf5 95. Rg5 Ne7 96. Rb8 Nf5 97. Rg8 Ne7 98. Re8 Rd6 99. Rb8
Nf5 100. Rh8 Ne7 101. Kf3 Re6 102. Re8 Rd6 103. Kg4 Rh7 104. Rf8+ Kg7 105. Rb8
Re6 106. Rxb7 Rxe3 107. Bxg6 Rh2 108. Be4+ Kf6 109. Bf3 Re1 110. Kg3 Rd2 111.
Re5 Nf5+ 112. Kh3 Rf1 113. Bg2 Rxf4 114. Re8 Rh4# 0-1

[Event "Julius Baer Rapid Div 2 L"]
[Site "chess.com INT"]
[Date "2023.09.01"]
[Round "3.3"]
[White "Yakubboev, Nodirbek"]
[Black "Esipenko, Andrey"]
[Result "1-0"]
[WhiteTitle "GM"]
[BlackTitle "GM"]
[WhiteElo "2617"]
[BlackElo "2683"]
[WhiteFideId "14203987"]
[BlackFideId "24175439"]
[EventDate "2023.08.31"]
[EventType "k.o."]

1. e4 e5 2. Nf3 Nc6 3. Bb5 a6 4. Ba4 Nf6 5. O-O Be7 6. d3 b5 7. Bb3 d6 8. Bd2
O-O 9. Re1 a5 10. a4 b4 11. Be3 Be6 12. Nbd2 h6 13. Bxe6 fxe6 14. Nb3 d5 15. Bc5
Bxc5 16. Nxc5 Qd6 17. Nb3 Nd7 18. Qe2 Rf4 19. g3 Rf7 20. Nfd2 Raf8 21. Rf1 Nb6
22. Qe3 Nd7 23. Kg2 Kh7 24. h3 Rf6 25. c3 bxc3 26. bxc3 d4 27. cxd4 exd4 28. Qe2
Nb6 29. f4 Qb4 30. Rfc1 e5 31. f5 Nxa4 32. Rc4 Nc3 33. Rxb4 Nxe2 34. Rb7 Nb4 35.
Nc5 Ra8 36. Rxb4 Rc6 37. Rc4 1-0

[Event "Julius Baer Rapid Div 2 L"]
[Site "chess.com INT"]
[Date "2023.09.02"]
[Round "4.1"]
[White "Amin, Bassem"]
[Black "Yakubboev, Nodirbek"]
[Result "1-0"]
[WhiteTitle "GM"]
[BlackTitle "GM"]
[WhiteElo "2682"]
[BlackElo "2617"]
[WhiteFideId "10601457"]
[BlackFideId "14203987"]
[EventDate "2023.08.31"]
[EventType "k.o."]

1. Nf3 Nf6 2. g3 d5 3. Bg2 e6 4. O-O Be7 5. d3 O-O 6. a3 c5 7. Nbd2 Nc6 8. e4 b5
9. Re1 Bb7 10. e5 Nd7 11. Nf1 Qc7 12. Bf4 Rfc8 13. h4 Qd8 14. h5 h6 15. Qd2 a5
16. g4 Ra6 17. Re2 a4 18. N1h2 b4 19. Kh1 bxa3 20. bxa3 Rb6 21. Rg1 c4 22. d4 c3
23. Qc1 Nf8 24. Bf1 Nh7 25. Re1 Ba6 26. Bxa6 Rxa6 27. Rg3 Ng5 28. Nxg5 hxg5 29.
Be3 Rb6 30. Nf3 Rcb8 31. Bxg5 Bxg5 32. Qxg5 Qxg5 33. Nxg5 Nxd4 34. Rxc3 Rc6 35.
Rxc6 Nxc6 36. Kg2 Kf8 37. Re3 d4 38. Re4 Rb2 39. Rf4 Nxe5 40. Nxe6+ Ke7 41. Nxd4
Ra2 42. Nf5+ Kf6 43. Ne3+ Ke6 44. Rxa4 1-0

[Event "Julius Baer Rapid Div 2 L"]
[Site "chess.com INT"]
[Date "2023.09.02"]
[Round "4.1"]
[White "Aronian, Levon"]
[Black "Alekseev, Evgeny"]
[Result "1-0"]
[WhiteTitle "GM"]
[BlackTitle "GM"]
[WhiteElo "2742"]
[BlackElo "2573"]
[WhiteFideId "13300474"]
[BlackFideId "4138147"]
[EventDate "2023.08.31"]
[EventType "k.o."]

1. e4 e5 2. Nf3 Nc6 3. Bc4 Bc5 4. d3 Nf6 5. c3 d6 6. Nbd2 O-O 7. h3 a5 8. Bb3
Ba7 9. Nf1 Ne7 10. g4 Be6 11. Ng3 Bxb3 12. axb3 Bb6 13. g5 Nd7 14. h4 f5 15. h5
fxe4 16. dxe4 Nc5 17. Be3 Nd7 18. Bxb6 Nxb6 19. Nh4 Rf4 20. Ng2 Rf8 21. Ne3 Rf4
22. Qd3 Qd7 23. Ngf5 Nxf5 24. exf5 Qc6 25. Rh3 d5 26. Kf1 d4 27. Ng2 e4 28. Qxd4
Rxf5 29. Re1 Raf8 30. h6 Rxf2+ 31. Kg1 R2f7 32. Rxe4 Qg6 33. hxg7 Rxg7 34. Re5
Rd7 35. Qg4 Qb1+ 36. Re1 Qf5 37. Qg3 Rg7 38. Re5 Qb1+ 39. Kh2 Qxb2 40. g6 Rxg6
41. Rg5 Qc2 42. Rxg6+ Qxg6 43. Qxc7 Kh8 44. Qe5+ Qf6 45. Rh5 Nd7 46. Qxf6+ Rxf6
47. Rxa5 b6 48. Ra8+ Kg7 49. Ra7 Rd6 50. Ne3 Kf6 51. c4 Rd3 52. Nd5+ Ke5 53.
Rxd7 Rxb3 54. Rxh7 b5 55. Nb6 bxc4 56. Nxc4+ Kd4 57. Rh4+ Kc5 58. Ne5 Kd5 59.
Ng4 Kc5 60. Kg2 Ra3 61. Kf2 Rb3 62. Ne3 Ra3 63. Rh5+ Kc6 64. Kf3 Ra4 65. Nf5 Rb4
66. Ke3 Ra4 67. Nd4+ Kd6 68. Ke4 Ra1 69. Rh6+ Ke7 70. Nf3 Ra4+ 71. Kf5 Ra1 72.
Re6+ Kd7 73. Ne5+ Kc7 74. Rc6+ Kb7 75. Rc3 Ra6 76. Ke4 Rd6 77. Nc4 Rd1 78. Ke5
Ra1 79. Ne3 Ra5+ 80. Nd5 Ra1 81. Kd6 Ra6+ 82. Kd7 Rh6 83. Rb3+ Ka6 84. Nc3 Rg6
85. Kc7 Rg7+ 86. Kc6 Rg6+ 87. Kc5 Ka7 88. Nb5+ Ka8 89. Nd6 Rg1 90. Kb6 Ra1 91.
Rg3 1-0

[Event "Julius Baer Rapid Div 2 L"]
[Site "chess.com INT"]
[Date "2023.09.02"]
[Round "4.2"]
[White "Yakubboev, Nodirbek"]
[Black "Amin, Bassem"]
[Result "0-1"]
[WhiteTitle "GM"]
[BlackTitle "GM"]
[WhiteElo "2617"]
[BlackElo "2682"]
[WhiteFideId "14203987"]
[BlackFideId "10601457"]
[EventDate "2023.08.31"]
[EventType "k.o."]

1. d4 Nf6 2. c4 g6 3. Nc3 Bg7 4. e4 d6 5. Be2 O-O 6. Be3 Na6 7. h4 e5 8. h5 exd4
9. Bxd4 Re8 10. h6 Bh8 11. f3 Nb4 12. Qd2 a5 13. Bf2 a4 14. a3 Nc6 15. Nh3 Na5
16. Qc2 Be6 17. Nxa4 b5 18. Nc3 Bxh3 19. Rxh3 bxc4 20. Rd1 Nd7 21. Nb5 Ne5 22.
Kf1 Qb8 23. a4 c6 24. Nxd6 Rd8 25. Bc5 Nb3 26. Ba3 c5 27. f4 Rxd6 28. fxe5 Bxe5
29. Bxc4 Nd4 30. Qb1 Rxa4 31. Qa2 Rf6+ 32. Kg1 Bg3 33. b3 Ra8 34. Qb2 Qe5 35.
Bd5 Rd8 36. Qd2 Bf4 37. Qd3 Ne6 38. Qc4 Qg5 39. Kh1 Qg4 40. Bb2 Qxd1+ 0-1

[Event "Julius Baer Rapid Div 2 L"]
[Site "chess.com INT"]
[Date "2023.09.02"]
[Round "4.2"]
[White "Alekseev, Evgeny"]
[Black "Aronian, Levon"]
[Result "1/2-1/2"]
[WhiteTitle "GM"]
[BlackTitle "GM"]
[WhiteElo "2573"]
[BlackElo "2742"]
[WhiteFideId "4138147"]
[BlackFideId "13300474"]
[EventDate "2023.08.31"]
[EventType "k.o."]

1. e4 e5 2. Bc4 Nf6 3. d3 Bc5 4. Nf3 d6 5. O-O O-O 6. c3 a5 7. Bb3 Ba7 8. h3 Re8
9. Be3 Bxe3 10. fxe3 Nbd7 11. Nbd2 Nf8 12. Bc2 Ng6 13. a4 c6 14. d4 b5 15. Rf2
Rb8 16. Qb1 b4 17. c4 h6 18. Nb3 c5 19. dxc5 dxc5 20. Nxc5 Qb6 21. Nb3 Qxe3 22.
Qe1 Qa7 23. Nbd2 Nf4 24. Kh2 b3 25. Bb1 g5 26. Nf1 Rb4 27. Ne3 Be6 28. Nd2 Qd4
29. Nf3 Qc5 30. Nd2 Qd4 31. Nf3 Qa7 32. Rd2 Bxc4 33. Nf5 Kh7 34. Rd6 Be6 35. Ne3 1/2-1/2

[Event "Julius Baer Rapid Div 2 L"]
[Site "chess.com INT"]
[Date "2023.09.02"]
[Round "5.1"]
[White "Amin, Bassem"]
[Black "Aronian, Levon"]
[Result "1-0"]
[WhiteTitle "GM"]
[BlackTitle "GM"]
[WhiteElo "2682"]
[BlackElo "2742"]
[WhiteFideId "10601457"]
[BlackFideId "13300474"]
[EventDate "2023.08.31"]
[EventType "k.o."]

1. Nf3 c5 2. g3 Nc6 3. Bg2 g6 4. O-O Bg7 5. d3 Nf6 6. e4 O-O 7. Re1 d6 8. c3 e5
9. a4 a6 10. h3 Rb8 11. Be3 b5 12. axb5 axb5 13. Nbd2 Re8 14. d4 exd4 15. cxd4
c4 16. e5 Nd5 17. Bg5 Qd7 18. Ne4 h6 19. Nxd6 hxg5 20. Nxg5 Ncb4 21. Ngxf7 Rf8
22. e6 Qe7 23. Qg4 Qf6 24. Re5 Nd3 25. Bxd5 Qxf2+ 26. Kh1 Bb7 27. Nxb7 Ra8 28.
Rg1 Bxe5 29. dxe5 Rxf7 30. Qxg6+ 1-0

[Event "Julius Baer Rapid Div 2 L"]
[Site "chess.com INT"]
[Date "2023.09.02"]
[Round "5.2"]
[White "Aronian, Levon"]
[Black "Amin, Bassem"]
[Result "1-0"]
[WhiteTitle "GM"]
[BlackTitle "GM"]
[WhiteElo "2742"]
[BlackElo "2682"]
[WhiteFideId "13300474"]
[BlackFideId "10601457"]
[EventDate "2023.08.31"]
[EventType "k.o."]

1. e4 e5 2. Nf3 Nc6 3. Bc4 Bc5 4. c3 Nf6 5. d4 exd4 6. e5 d5 7. Bb5 Ne4 8. cxd4
Bb6 9. Nc3 O-O 10. Be3 Bg4 11. h3 Bh5 12. Qc2 Ba5 13. O-O Bxf3 14. gxf3 Ng5 15.
Qf5 Ne6 16. Bxc6 bxc6 17. Ne2 Rb8 18. b3 g6 19. Qg4 f5 20. exf6 Qxf6 21. Rac1 c5
22. dxc5 Rb4 23. f4 d4 24. a3 Rxb3 25. Nxd4 Nxd4 26. Bxd4 Qf5 27. Be5 Rxh3 28.
Qxf5 Rxf5 29. Rfd1 Rxa3 30. Rb1 g5 31. Rd7 Bb6 32. cxb6 axb6 33. Rbd1 gxf4 34.
Rg7+ 1-0

[Event "Julius Baer Rapid Div 2 L"]
[Site "chess.com INT"]
[Date "2023.09.02"]
[Round "5.3"]
[White "Amin, Bassem"]
[Black "Aronian, Levon"]
[Result "1/2-1/2"]
[WhiteTitle "GM"]
[BlackTitle "GM"]
[WhiteElo "2682"]
[BlackElo "2742"]
[WhiteFideId "10601457"]
[BlackFideId "13300474"]
[EventDate "2023.08.31"]
[EventType "k.o."]

1. Nf3 c5 2. g3 Nc6 3. Bg2 g6 4. O-O Bg7 5. d3 Nf6 6. e4 O-O 7. Re1 d6 8. c3 e5
9. a4 a6 10. h3 Rb8 11. Be3 b5 12. axb5 axb5 13. Nbd2 Re8 14. d4 exd4 15. cxd4
Nd7 16. e5 Nxd4 17. exd6 Nxf3+ 18. Nxf3 Bb7 19. Bg5 Rxe1+ 20. Qxe1 Bf6 21. h4
Bxf3 22. Bxf3 Ne5 23. Bd5 Qxd6 24. Rd1 Bxg5 25. hxg5 Qxd5 26. Rxd5 Nf3+ 27. Kf1
Nxe1 28. Kxe1 Rc8 1/2-1/2

[Event "Julius Baer Rapid Div 2 L"]
[Site "chess.com INT"]
[Date "2023.09.03"]
[Round "6.1"]
[White "Artemiev, Vladislav"]
[Black "Aronian, Levon"]
[Result "0-1"]
[WhiteTitle "GM"]
[BlackTitle "GM"]
[WhiteElo "2697"]
[BlackElo "2742"]
[WhiteFideId "24101605"]
[BlackFideId "13300474"]
[EventDate "2023.08.31"]
[EventType "k.o."]

1. Nf3 c5 2. e4 e6 3. g3 Nc6 4. Bg2 Nf6 5. Nc3 a6 6. O-O Qc7 7. Re1 d6 8. d4
cxd4 9. Nxd4 Nxd4 10. Qxd4 Bd7 11. e5 dxe5 12. Rxe5 Rd8 13. Bf4 Bd6 14. Rd1 Bc6
15. Bxc6+ Qxc6 16. Ree1 Be7 17. Qe5 O-O 18. Qc7 Rxd1 19. Rxd1 Qxc7 20. Bxc7 Rc8
21. Bd6 Kf8 22. Kf1 Nd7 23. Ke2 Nb6 24. Bxe7+ Kxe7 25. Rd4 Nc4 26. Nd1 b5 27. b3
Ne5 28. Ne3 g5 29. f4 gxf4 30. gxf4 Nc6 31. Re4 Kf6 32. a4 h5 33. axb5 axb5 34.
c4 Rb8 35. Kd3 bxc4+ 36. bxc4 Rb2 37. Nc2 Rb3+ 38. Kd2 Rh3 39. Re2 Kf5 40. Rf2
Ke4 41. f5 Ne5 42. fxe6 Nxc4+ 43. Ke1 fxe6 44. Re2+ Kd5 45. Nb4+ Kc5 46. Na6+
Kd6 47. Nb4 e5 48. Kf1 Kc5 49. Nc2 Rb3 50. Ne1 Kd4 51. Nc2+ Kd5 52. Ne1 e4 53.
Kf2 Kd4 54. Nc2+ Ke5 55. Ne1 h4 56. Rc2 Kd4 57. Re2 h3 58. Nc2+ Ke5 59. Ne1 Kf4
60. Ra2 Ne5 61. Kf1 Rb1 62. Ke2 Ng4 63. Kf1 Rc1 64. Rb2 Ra1 65. Rd2 Ne3+ 66. Ke2
Ng2 67. Nc2 Rh1 68. Kf2 Nh4 0-1

[Event "Julius Baer Rapid Div 2 L"]
[Site "chess.com INT"]
[Date "2023.09.03"]
[Round "6.2"]
[White "Aronian, Levon"]
[Black "Artemiev, Vladislav"]
[Result "1/2-1/2"]
[WhiteTitle "GM"]
[BlackTitle "GM"]
[WhiteElo "2742"]
[BlackElo "2697"]
[WhiteFideId "13300474"]
[BlackFideId "24101605"]
[EventDate "2023.08.31"]
[EventType "k.o."]

1. d4 d6 2. e4 g6 3. Nf3 Bg7 4. Bc4 e6 5. Bb3 Nd7 6. O-O Ne7 7. Re1 b6 8. Nbd2
Bb7 9. Nf1 O-O 10. Ng3 c5 11. c3 b5 12. a4 a6 13. Be3 Qc7 14. Qd2 Rfe8 15. Bh6
c4 16. Bc2 e5 17. Rad1 Rad8 18. dxe5 dxe5 19. Bxg7 Kxg7 20. Qg5 Kh8 21. Rd2 Ng8
22. Red1 f6 23. Qe3 Bc8 24. axb5 axb5 25. Rd5 Nf8 26. Rxb5 Rxd1+ 27. Bxd1 Ne6
28. h3 Nf4 29. Be2 Be6 30. Bf1 Qd7 31. Rb6 Ra8 32. Qd2 Qc7 33. Qd6 Qxd6 34. Rxd6
Ra1 35. Kh2 Rb1 36. Rb6 h5 37. Nd2 Rd1 38. Nxc4 h4 39. Ne3 Re1 40. Ne2 Bf7 41.
Ng1 g5 42. Nf3 Rb1 43. g3 hxg3+ 44. fxg3 Ng6 45. Kg2 Ra1 46. Bc4 Bxc4 47. Nxc4
N6e7 48. Nd6 Rc1 49. Rb7 Rc2+ 50. Kf1 Kg7 51. h4 gxh4 52. Nf5+ Kf8 1/2-1/2